[Event "Ljubljana Autumn op"]
[Site "Ljubljana"]
[Date "2011.10.19"]
[Round "4"]
[White "Cerne, Peter"]
[Black "Novakovic, Julian"]
[Result "0-1"]
[WhiteElo "1401"]
[BlackElo "1774"]
[PlyCount "59"]
[EventDate "2011.09.28"]
[EventType "swiss"]
[EventRounds "9"]
[EventCountry "SLO"]
[SourceTitle "EXT 2023"]
[Source "ChessBase"]
[SourceDate "2022.10.05"]
[SourceVersion "1"]
[SourceVersionDate "2022.10.05"]
[SourceQuality "1"]

1. e4 d6 2. d4 Nf6 3. Nc3 g6 4. Nf3 Nbd7 5. Be2 c6 6. 0-0 Bg7 7. Be3 0-0 8. Qd2 b5 9. a3 a6 10. Rad1 Qc7 11. h3 Bb7 12. Nh2 c5 13. d5 b4 14. Nb1 Nxe4 15. Qd3 f5 16. c3 Nb6 17. c4 a5 18. b3 a4 19. Qc2 Nc3 20. Nxc3 Bxc3 21. Bc1 Qd7 22. Bb2 axb3 23. Qxb3 Bxb2 24. Qxb2 Rxa3 25. Ra1 Rfa8 26. Nf3 Na4 27. Qc2 Nc3 28. Rxa3 Rxa3 29. Re1 Qa4 30. Qc1 0-1

[Event "Ljubljana Autumn op"]
[Site "Ljubljana"]
[Date "2011.10.12"]
[Round "3"]
[White "Novakovic, Julian"]
[Black "Tisler, Janez"]
[Result "1-0"]
[WhiteElo "1774"]
[BlackElo "1694"]
[PlyCount "61"]
[EventDate "2011.09.28"]
[EventType "swiss"]
[EventRounds "9"]
[EventCountry "SLO"]
[SourceTitle "EXT 2023"]
[Source "ChessBase"]
[SourceDate "2022.10.05"]
[SourceVersion "1"]
[SourceVersionDate "2022.10.05"]
[SourceQuality "1"]

1. d4 d5 2. c4 e6 3. Nc3 Bb4 4. cxd5 exd5 5. Nf3 Nc6 6. Qc2 Nge7 7. e3 Bf5 8. Bd3 Qd7 9. Bd2 Bxc3 10. bxc3 Bxd3 11. Qxd3 0-0 12. 0-0 a6 13. Rab1 b6 14. Rfc1 Na5 15. Ne5 Qf5 16. Qxf5 Nxf5 17. c4 f6 18. Bxa5 fxe5 19. Bb4 Rf7 20. dxe5 c5 21. Ba3 b5 22. cxb5 axb5 23. Bxc5 Rxa2 24. Rxb5 h6 25. f4 Nh4 26. e6 Rf6 27. Rb8+ Kh7 28. e7 Rxg2+ 29. Kh1 Re2 30. e8Q Nf3 31. Qh5 1-0

[Event "Ljubljana Autumn op"]
[Site "Ljubljana"]
[Date "2011.10.05"]
[Round "2"]
[White "Hribar, Andrej"]
[Black "Novakovic, Julian"]
[Result "1-0"]
[WhiteElo "1636"]
[BlackElo "1774"]
[PlyCount "69"]
[EventDate "2011.09.28"]
[EventType "swiss"]
[EventRounds "9"]
[EventCountry "SLO"]
[SourceTitle "EXT 2023"]
[Source "ChessBase"]
[SourceDate "2022.10.05"]
[SourceVersion "1"]
[SourceVersionDate "2022.10.05"]
[SourceQuality "1"]

1. d4 Nf6 2. c4 d6 3. Nc3 Nbd7 4. e4 e5 5. d5 g6 6. Bd3 Bg7 7. Nge2 Nc5 8. Bc2 a5 9. 0-0 0-0 10. Bg5 c6 11. f4 h6 12. Bxf6 Bxf6 13. f5 Bd7 14. a4 Qc7 15. Ng3 Rad8 16. Qg4 Kh7 17. Rf2 Qb6 18. Rb1 Na6 19. Qe2 Rc8 20. Kh1 Nb4 21. Rbf1 Qd8 22. Rd1 c5 23. Bb1 Qe8 24. b3 Qd8 25. Nf1 g5 26. Ne3 Bg7 27. f6 Bxf6 28. Rdf1 Bg7 29. Rxf7 Rxf7 30. Rxf7 Be8 31. Rxb7 Ra8 32. Nf5 Bd7 33. Nxd6 Bf8 34. Ncb5 Ra6 35. Nf5 1-0

[Event "Ljubljana-chT 64th 1st League"]
[Site "Ljubljana"]
[Date "2011.03.03"]
[Round "6.2"]
[White "Rozic, Samo"]
[Black "Novakovic, Julian"]
[Result "1-0"]
[WhiteElo "2029"]
[BlackElo "1675"]
[PlyCount "39"]
[EventDate "2011.01.13"]
[EventType "team-tourn"]
[EventRounds "9"]
[EventCountry "SLO"]
[SourceTitle "EXT 2022"]
[Source "ChessBase"]
[SourceDate "2021.10.06"]
[SourceVersion "1"]
[SourceVersionDate "2021.10.06"]
[SourceQuality "1"]
[WhiteTeam "Ig"]
[BlackTeam "Komenda Gaber"]
[WhiteTeamCountry "SLO"]
[BlackTeamCountry "SLO"]

1. e4 d6 2. Nc3 Nf6 3. g3 g6 4. d3 Bg7 5. Bg2 c5 6. h3 Nc6 7. Be3 Nd4 8. Qd2 e5 9. 0-0-0 Be6 10. f4 Bh6 11. Nf3 Qa5 12. Kb1 Nd7 13. g4 f5 14. exf5 Nxf3 15. Bxf3 gxf5 16. gxf5 Bxf5 17. Bh5+ Kd8 18. fxe5 Bxe3 19. Qxe3 Nxe5 20. Qg5+ 1-0

[Event "Ljubljana-chT 64th 1st League"]
[Site "Ljubljana"]
[Date "2011.02.10"]
[Round "4.3"]
[White "Novakovic, Julian"]
[Black "Korosec, Stefan"]
[Result "1/2-1/2"]
[WhiteElo "1675"]
[BlackElo "1791"]
[PlyCount "93"]
[EventDate "2011.01.13"]
[EventType "team-tourn"]
[EventRounds "9"]
[EventCountry "SLO"]
[SourceTitle "EXT 2022"]
[Source "ChessBase"]
[SourceDate "2021.10.06"]
[SourceVersion "1"]
[SourceVersionDate "2021.10.06"]
[SourceQuality "1"]
[WhiteTeam "Komenda Gaber"]
[BlackTeam "Barob Smarca"]
[WhiteTeamCountry "SLO"]
[BlackTeamCountry "SLO"]

1. d4 Nf6 2. c4 e6 3. Nc3 d5 4. cxd5 exd5 5. Bg5 c6 6. e3 Be7 7. Nf3 h6 8. Bh4 0-0 9. Bd3 Bg4 10. Rb1 Nbd7 11. b4 a6 12. a4 Re8 13. 0-0 Ne4 14. Bxe7 Nxc3 15. Bxd8 Nxd1 16. Rfxd1 Raxd8 17. Be2 Nf6 18. b5 axb5 19. axb5 Ne4 20. Rdc1 Bxf3 21. Bxf3 Nd2 22. Rb4 Nxf3+ 23. gxf3 Re6 24. bxc6 bxc6 25. Rb6 Rdd6 26. Ra1 Kh7 27. Ra7 Rg6+ 28. Kf1 Rgf6 29. f4 Rde6 30. Rc7 Kg6 31. Kg2 Kh5 32. Rbb7 Kg6 33. Kf3 h5 34. Kg3 Re4 35. Kh4 Ree6 36. Rb8 Rf5 37. Rh8 Rd6 38. Rb7 Re6 39. Rb1 Kf6 40. Rxh5 Rxh5+ 41. Kxh5 Kf5 42. Kh4 Ke4 43. Rb2 Rh6+ 44. Kg5 f6+ 45. Kg4 Rg6+ 46. Kh5 Rh6+ 47. Kg4 1/2-1/2

[Event "Ljubljana-chT 64th 1st League"]
[Site "Ljubljana"]
[Date "2011.01.13"]
[Round "1.2"]
[White "Novakovic, Julian"]
[Black "Jukan, Nesib"]
[Result "0-1"]
[WhiteElo "1675"]
[BlackElo "1957"]
[PlyCount "86"]
[EventDate "2011.01.13"]
[EventType "team-tourn"]
[EventRounds "9"]
[EventCountry "SLO"]
[SourceTitle "EXT 2022"]
[Source "ChessBase"]
[SourceDate "2021.10.06"]
[SourceVersion "1"]
[SourceVersionDate "2021.10.06"]
[SourceQuality "1"]
[WhiteTeam "Komenda Gaber"]
[BlackTeam "Trzin Buscotrade"]
[WhiteTeamCountry "SLO"]
[BlackTeamCountry "SLO"]

1. d4 d5 2. c4 c6 3. Nc3 Nf6 4. Bg5 a6 5. e3 Bf5 6. Bxf6 gxf6 7. cxd5 cxd5 8. Qb3 b5 9. Qxd5 Qxd5 10. Nxd5 Ra7 11. Rc1 Bg7 12. e4 Bxe4 13. Rc8+ Kd7 14. Nb6+ Ke6 15. Rc1 Rb7 16. f3 Bxf3 17. Nxf3 Rxb6 18. g3 Rc6 19. Bh3+ Kd5 20. 0-0 e6 21. Nd2 Rxc1 22. Rxc1 f5 23. Bg2+ Kd6 24. Nb3 Rd8 25. Kf2 Ke7 26. Rc7+ Ke8 27. Ke3 Kf8 28. d5 Be5 29. Ra7 exd5 30. Nc5 Bd4+ 31. Kxd4 Nc6+ 32. Ke3 Nxa7 33. Kf4 d4 34. Nd3 Nc8 35. Kxf5 Re8 36. Ne5 Nd6+ 37. Kf4 Nc4 38. Nd7+ Kg7 39. b3 Nb2 40. Ne5 d3 41. Nf3 Re2 42. Bf1 Rf2 43. Ke3 Rxf1 0-1